000 00797nam a22002773a 4500
001 16408851
003 LC
005 20160322152425.0
008 951020s1995 nyu 000 1 eng d
010 _a 97812750
020 _a0425151093
035 _a(OCoLC)ocm33336471
040 _aSDL
_cSDL
_dDLC
050 0 0 _aPZ 7
_b.B471 1995
082 _aFIC
_bB43sh 1995
100 1 _aBennett, Cherie.
_921502
245 1 0 _aSunset holiday /
_cCherie Bennett.
260 _aNew York :
_bBerkley,
_c1995.
300 _a206 p. :
_c17 cm.
490 1 _aSunset Island ;
_vbk. 30
655 7 _aYoung adult fiction.
_2lcsh
_93735
710 2 _aCopyright Paperback Collection (Library of Congress)
_5DLC
_9705
906 _a7
_bcbc
_ccopycat
_d2
_encip
_f19
_gy-genrareb
942 _2lcc
_cBK
999 _c12034
_d12034